| 000 -LEADER | |
|---|---|
| fixed length control field | 00390nam a22001577a 4500 |
| 005 - DATE AND TIME OF LATEST TRANSACTION | |
| control field | 20170925153144.0 |
| 008 - FIXED-LENGTH DATA ELEMENTS--GENERAL INFORMATION | |
| fixed length control field | 170925b xxu||||| |||| 00| 0 eng d |
| 020 ## - INTERNATIONAL STANDARD BOOK NUMBER | |
| ISBN | 978-93-80856-45-2 |
| 041 ## - LANGUAGE CODE | |
| Language code of text/sound track or separate title | eng |
| 082 ## - DEWEY DECIMAL CLASSIFICATION NUMBER | |
| Classification number | 660 |
| 100 ## - MAIN ENTRY--AUTHOR NAME | |
| Personal name | Pillai,Dr. Shibu G. Chauhan,Dr.B.S |
| 245 ## - TITLE STATEMENT | |
| Title | Engineering Chemistry |
| 260 ## - PUBLICATION, DISTRIBUTION, ETC. (IMPRINT) | |
| Place of publication | Bangaluru |
| Name of publisher | University Science |
| 300 ## - PHYSICAL DESCRIPTION | |
| Number of Pages | 461 |
| 942 ## - ADDED ENTRY ELEMENTS (KOHA) | |
| Koha item type | Books |
| Lost status | Damaged status | Collection code | Home library | Current library | Shelving location | Date acquired | Source of acquisition | Cost, normal purchase price | Full call number | Accession Number | Koha item type |
|---|---|---|---|---|---|---|---|---|---|---|---|
| CS/IT | JRU Library | JRU Library | SHELF-56-I | 25/09/2017 | Purchase | 295.00 | 660 | 22130 | Books |